The relationship among emotional intelligence and outcome variables: A study of Indian employees (Record no. 97991)

000 -LEADER
fixed length control field 00568pab a2200205 454500
008 - FIXED-LENGTH DATA ELEMENTS--GENERAL INFORMATION
fixed length control field 180718b2012 xxu||||| |||| 00| 0 eng d
100 ## - MAIN ENTRY--PERSONAL NAME
Personal name Maini, Jiwan Jyoti
245 ## - TITLE STATEMENT
Title The relationship among emotional intelligence and outcome variables: A study of Indian employees
260 ## - PUBLICATION, DISTRIBUTION, ETC.
Date of publication, distribution, etc. 2012
300 ## - PHYSICAL DESCRIPTION
Extent p.187-199.
362 ## - DATES OF PUBLICATION AND/OR SEQUENTIAL DESIGNATION
Dates of publication and/or sequential designation Sep
650 ## - SUBJECT ADDED ENTRY--TOPICAL TERM
Topical term or geographic name entry element Employees - India
650 ## - SUBJECT ADDED ENTRY--TOPICAL TERM
Topical term or geographic name entry element Emotional development - India
650 ## - SUBJECT ADDED ENTRY--TOPICAL TERM
Topical term or geographic name entry element Emotional development
700 ## - ADDED ENTRY--PERSONAL NAME
Personal name Kaur, Parminder
700 ## - ADDED ENTRY--PERSONAL NAME
Personal name Singh, Bhawdeep
773 ## - HOST ITEM ENTRY
Main entry heading Vision
908 ## - PUT COMMAND PARAMETER (RLIN)
Put command parameter N
909 ## -
-- 97992
Holdings
Withdrawn status Lost status Damaged status Not for loan Permanent Location Current Location Date acquired Serial Enumeration / chronology Barcode Date last seen Price effective from Koha item type
        Indian Institute of Public Administration Indian Institute of Public Administration 2018-07-19 Volume no: 16, Issue no: 3 AR98452 2018-07-19 2018-07-19 Articles

Powered by Koha